Top 10 Crystal Palace Premier League Appearances - Statistics

General Stats
  • This quiz has been taken 85 times
    25 since last reset
  • The average score is 5 of 10
Answer Stats
Player Apps % Correct
Wilfried Zaha 291
86%
Joel Ward 306
67%
Christian Benteke 162
52%
James McArthur 240
52%
Jordan Ayew 195
48%
Tyrick Mitchell 172
48%
Jeffrey Schlupp 220
43%
Scott Dann 164
38%
Andros Townsend 168
29%
Luka Milivojević 183
29%
No matching quizzes found
Score Distribution
Percent of People with Each Score
Percentile by Number Answered
Your Score History
You have not taken this quiz since the last reset